Indépendance des pays d'Asie après 1945 - Statistiques

Statistiques générales
  • Ce quiz a été pris 32 fois
    25 depuis la dernière actualisation
  • Le résultat moyen est 19 sur 29
Réponses sur la Carte
Les réponses sont colorées sur une échelle allant du rouge au vert en fonction du pourcentage des utilisateurs qui les ont devinées à leur premier essai. Vous pouvez retrouver ces pourcentages ci-dessous.
 
Statistiques - réponses
Réponse % Correct
Inde
95%
Pakistan
95%
Bangladesh
90%
Cambodge
90%
Birmanie
85%
Indonésie
85%
Laos
85%
Malaisie
85%
Sri lanka
85%
Viet nam
85%
Ouzbékistan
75%
Brunei
70%
Jordanie
70%
Kirghizistan
70%
Tadjikistan
70%
Turkménistan
70%
Singapour
65%
Syrie
65%
Bahreïn
60%
Émirats Arabes Unis
60%
Qatar
60%
Arménie
55%
Géorgie
55%
Koweit
55%
Timor Oriental
50%
Azerbaidjan
45%
Philipines
25%
Kazhakstan
15%
Viet nam Nord
5%
Aucun quiz correspondant
Distribution des résultats
% des personnes avec chaque résultat
Percentile par nombre de réponses
Votre historique - résultats
Vous n’avez pas pris ce quiz depuis la dernière actualisation